All foreign players Sevilla FC - Statistics

General Stats
  • This quiz has been taken 39 times
  • The average score is 45 of 241
Answer Stats
Hint Answer % Correct
Bono
70%
Éver Banega
70%
Carlos Bacca
65%
Youssef En-Nesyri
65%
Dani Alves
61%
Frédéric Kanouté
61%
Geoffrey Kondogbia
61%
Marcos Acuña
61%
Wissam Ben Yedder
61%
Diego Carlos
57%
Ivan Rakitić
57%
Javier Hernández
57%
Jules Koundé
57%
Kevin Gameiro
57%
Luís Fabiano
57%
Nemanja Gudelj
57%
Gonzalo Montiel
52%
Lucas Ocampos
52%
Papu Gómez
52%
Tomáš Vaclík
52%
Beto
48%
Fernando
48%
Franco Vázquez
48%
Grzegorz Krychowiak
48%
Steven N'Zonzi
48%
André Silva
43%
| Mariano
43%
Munir
43%
Ciro Immobile
39%
Érik Lamela
39%
Loïc Badé
39%
Benoît Trémoulinas
35%
Clément Lenglet
35%
Darío Silva
35%
Diego Maradona
35%
Djibril Sow
35%
Dodi Lukébakio
35%
Enzo Maresca
35%
Federico Fazio
35%
Hiroshi Kiyotake
35%
Julien Escudé
35%
Kasper Dolberg
35%
Luis Muriel
35%
Marcão
35%
Rony Lopes
35%
Seydou Keita
35%
Simon Kjær
35%
Stevan Jovetić
35%
Tabaré Silva
35%
Yevgen Konoplyanka
35%
Adil Rami
30%
Adriano
30%
Davor Šuker
30%
Luuk De Jong
30%
Munas Dabbur
30%
Renato
30%
Samir Nasri
30%
Adnan Januzaj
26%
Aleksandr Kerzhakov
26%
Anthony Martial
26%
Christian Poulsen
26%
Daniel Carriço
26%
Gabriel Mercado
26%
Jesús Corona
26%
Júlio Baptista
26%
Luciano Vietto
26%
Marko Dmitrović
26%
Maximilian Wöber
26%
Ørjan Nyland
26%
Papa Gueye
26%
Sebastián Cristóforo
26%
Stéphane M'bia
26%
Thomas Delaney
26%
Carlos Correa
22%
Diego Perotti
22%
Diego Simeone
22%
Gary Medel
22%
Gustavo Fernández
22%
Joaquín Correa
22%
Jorge López
22%
Karim Rekik
22%
Romaric
22%
Alex Telles
17%
Denis Cheryshev
17%
Diogo Figueiras
17%
Iván Zamorano
17%
Ivica Dragutinović
17%
Javier Saviola
17%
Marco Andreolli
17%
Mariano Barbosa
17%
Marko Marin
17%
Martín Cáceres
17%
Michael Krohn-Dehli
17%
Piotr Trochowski
17%
Salvatore Sirigu
17%
Sébastien Squillaci
17%
Tanguy Nianzou
17%
Timothée Kolodziejczak
17%
Toni Polster
17%
Abdoulay Konko
13%
Biri-Biri
13%
Cicinho
13%
Didier Zokora
13%
Emir Spahić
13%
Ernesto Chevantón
13%
Federico Gattoni
13%
Gaël Kakuta
13%
Guido Pizarro
13%
Hedwiges Maduro
13%
Johannes Geis
13%
Ludwig Augustinsson
13%
Marius Stankevičius
13%
Marko Rog
13%
Matías Kranevitter
13%
Miguel Layún
13%
Mirsad Hibić
13%
Morgan De Sanctis
13%
Nicolás Pareja
13%
Nikos Machlas
13%
Quincy Promes
13%
Raul Rusescu
13%
Sébastien Corchia
13%
Tom De Mul
13%
Vincent Samways
13%
Walter Montoya
13%
Andreas Hinkel
9%
Aquivaldo Mosquera
9%
Arouna Koné
9%
Babá Diawara
9%
Bebeto
9%
Daniel Bertoni
9%
Dejan Petković
9%
Federico Magallanes
9%
Frode Olsen
9%
Ganso
9%
Gerardo Torrado
9%
Guilherme Arana
9%
Ibrahim Amadou
9%
Inti Podestá
9%
Joris Gnagnon
9%
Khalid Boulahrouz
9%
Lionel Carole
9%
Luca Cigarini
9%
Lucho García
9%
Marcelo Zalayeta
9%
Mariano Toedtli
9%
Maxime Gonalons
9%
Miroslav Stevanović
9%
Moacir
9%
Mouhamadou Dabo
9%
Nico Olivera
9%
Oussama Idrissi
9%
Pablo Bengoechea
9%
Petros Marinakis
9%
Rinat Dasaev
9%
Teemu Pukki
9%
Tiberio Guarente
9%
Zoran Njeguš
9%
Adilson
4%
Agostinho
4%
Aldo Duscher
4%
Amaro Nadal
4%
Ariza Makukula
4%
Axel
4%
Axel Lawarée
4%
Bakero
4%
Bernardo Acosta
4%
Bernardo Espinosa
4%
Bryan Rabello
4%
Cánario
4%
Carlos Brizzola
4%
Carlos Lasanta
4%
Carlos Morete
4%
César
4%
Claudio Enría
4%
Cristián Colusso
4%
Cristian Tassano
4%
Daniel Alonso
4%
Daniel Bergara
4%
Daniel Murúa
4%
Daniel Vallador
4%
Dante Sanabria
4%
Dejan Vikićević
4%
Dominique Casagrande
4%
| Duda
4%
Eduardo Endériz
4%
Eduardo Gerolami
4%
Emídio Graça
4%
Emiliano Armenteros
4%
Emilio Pazos
4%
Emílio Peixe
4%
Francisco Villegas
4%
Georges Dard
4%
Gerardo Rabajda
4%
Germán Hornos
4%
Héctor Scotta
4%
Héctor Veira
4%
Herminio Toñánez
4%
Hiroshi Ibusuki
4%
Hugo Módigo
4%
Ignacio Achucarro
4%
Igor Gluščević
4%
Ilie Dumitrescu
4%
Ivan Jurić
4%
Ivica Mornar
4%
Jean-Manuel Thétis
4%
Jeronimo Villalba
4%
Jorge Dos Santos
4%
José Dieguez
4%
Josimar
4%
Joško Jeličić
4%
Juan Agüero
4%
Juan Andrades
4%
Julio Lorant
4%
Kevin McMinn
4%
Lautaro Acosta
4%
Lucio Wagner
4%
Marcelo Otero
4%
Marius Herzig
4%
Matías Almeyda
4%
Miguel Peirano
4%
Miklos Molnar
4%
Milorad Ratković
4%
Oscar Aguilera
4%
Pedro Cabral
4%
Pintinho
4%
Rachid Rokki
4%
Robert Prosinečki
4%
Roger Dard
4%
Ryan Johansson
4%
Sebastián Fleitas
4%
Taira
4%
Tarik Oulida
4%
Thomas Rytter
4%
Tibor Szalay
4%
Vassilios Tsiartas
4%
Victor Espárrago
4%
Yan Eteki
4%
Željko Petrović
4%
No matching quizzes found
Score Distribution
Percent of People with Each Score
Percentile by Number Answered
Your Score History
You have not taken this quiz